01328nam a2200325Ia 4500001001200000003000800012006001900020007001500039008004100054010001700095020002800112020001800140020001800158040002100176035002100197050002300218082002000241100002000261245013100281260012100412300002500533504006400558533015200622650002200774650001900796655002900815710001700844856012600861999001500987ebr10699084CaPaEBRm o u cr cn|||||||||050818s2006 enka sb 001 0 eng d z 2005052142 z1860945856 (alk. paper) z9781860945854 z9781860948060 aCaPaEBRcCaPaEBR a(OCoLC)82794737614aQL563b.L39 2006eb04a573.1/157992221 aLawry, James V.14aThe incredible shrinking beeh[electronic resource] :binsects as models for microelectromechanical devices /cJames V. Lawry. aLondon :bImperial College Press ;aHackensack, NJ :bDistributed in the USA by World Scientific Publishing,cc2006. axxii, 251 p. :bill. aIncludes bibliographical references (p. 217-241) and index. aElectronic reproduction.bPalo Alto, Calif. :cebrary,d2013.nAvailable via World Wide Web.nAccess may be limited to ebrary affiliated libraries. 0aBeesxPhysiology. 0aSize judgment. 7aElectronic books.2local2 aebrary, Inc.40uhttp://site.ebrary.com/lib/rucke/Doc?id=10699084zAn electronic book accessible through the World Wide Web; click to view c6593d6593